<?xml version="1.0" encoding="UTF-8"?>
<record
    xmlns:xsi="http://www.w3.org/2001/XMLSchema-instance"
    xsi:schemaLocation="http://www.loc.gov/MARC21/slim http://www.loc.gov/standards/marcxml/schema/MARC21slim.xsd"
    xmlns="http://www.loc.gov/MARC21/slim">

  <leader>00498nam a22001697a 4500</leader>
  <datafield tag="999" ind1=" " ind2=" ">
    <subfield code="c">124635</subfield>
    <subfield code="d">124635</subfield>
  </datafield>
  <controlfield tag="005">20211110115650.0</controlfield>
  <controlfield tag="008">211110b           ||||| |||| 00| 0 eng d</controlfield>
  <datafield tag="020" ind1=" " ind2=" ">
    <subfield code="a">9789388313308</subfield>
  </datafield>
  <datafield tag="040" ind1=" " ind2=" ">
    <subfield code="c">PK-LaUMT</subfield>
  </datafield>
  <datafield tag="082" ind1=" " ind2=" ">
    <subfield code="a">615.1</subfield>
    <subfield code="b">LIP-</subfield>
  </datafield>
  <datafield tag="245" ind1=" " ind2=" ">
    <subfield code="a">Lippincott illustrated reviews :</subfield>
    <subfield code="b">pharmacology/</subfield>
    <subfield code="c">edited by Karen Whalen, Carinda Feild and Rajan Radhakrishnan</subfield>
  </datafield>
  <datafield tag="250" ind1=" " ind2=" ">
    <subfield code="a">7th ed.</subfield>
  </datafield>
  <datafield tag="260" ind1=" " ind2=" ">
    <subfield code="a">Philadelphia :</subfield>
    <subfield code="b">Wolters Kluwer,</subfield>
    <subfield code="c">2019</subfield>
  </datafield>
  <datafield tag="300" ind1=" " ind2=" ">
    <subfield code="a">593 p.</subfield>
  </datafield>
  <datafield tag="650" ind1=" " ind2=" ">
    <subfield code="a">Pharmacology</subfield>
  </datafield>
  <datafield tag="942" ind1=" " ind2=" ">
    <subfield code="c">BK</subfield>
  </datafield>
  <datafield tag="952" ind1=" " ind2=" ">
    <subfield code="0">0</subfield>
    <subfield code="1">0</subfield>
    <subfield code="4">0</subfield>
    <subfield code="7">0</subfield>
    <subfield code="a">HSC</subfield>
    <subfield code="b">HSC</subfield>
    <subfield code="d">2021-11-10</subfield>
    <subfield code="l">37</subfield>
    <subfield code="m">3</subfield>
    <subfield code="o">615.1 LIP-</subfield>
    <subfield code="p">139393</subfield>
    <subfield code="q">2026-06-03</subfield>
    <subfield code="r">2026-05-19 09:10:45</subfield>
    <subfield code="s">2026-05-19</subfield>
    <subfield code="w">2021-11-10</subfield>
    <subfield code="y">BK</subfield>
  </datafield>
  <datafield tag="952" ind1=" " ind2=" ">
    <subfield code="0">0</subfield>
    <subfield code="1">0</subfield>
    <subfield code="4">0</subfield>
    <subfield code="7">0</subfield>
    <subfield code="a">HSC</subfield>
    <subfield code="b">HSC</subfield>
    <subfield code="d">2021-11-10</subfield>
    <subfield code="l">44</subfield>
    <subfield code="m">4</subfield>
    <subfield code="o">615.1 LIP-</subfield>
    <subfield code="p">139395</subfield>
    <subfield code="r">2026-02-11 08:56:32</subfield>
    <subfield code="s">2026-01-26</subfield>
    <subfield code="t">C.2</subfield>
    <subfield code="w">2021-11-10</subfield>
    <subfield code="y">BK</subfield>
  </datafield>
  <datafield tag="952" ind1=" " ind2=" ">
    <subfield code="0">0</subfield>
    <subfield code="1">0</subfield>
    <subfield code="4">0</subfield>
    <subfield code="7">0</subfield>
    <subfield code="a">HSC</subfield>
    <subfield code="b">HSC</subfield>
    <subfield code="d">2021-11-10</subfield>
    <subfield code="l">45</subfield>
    <subfield code="m">1</subfield>
    <subfield code="o">615.1 LIP-</subfield>
    <subfield code="p">139396</subfield>
    <subfield code="q">2026-03-18</subfield>
    <subfield code="r">2026-03-04 12:55:12</subfield>
    <subfield code="s">2026-03-04</subfield>
    <subfield code="t">C.3</subfield>
    <subfield code="w">2021-11-10</subfield>
    <subfield code="y">BK</subfield>
  </datafield>
  <datafield tag="952" ind1=" " ind2=" ">
    <subfield code="0">0</subfield>
    <subfield code="1">0</subfield>
    <subfield code="4">0</subfield>
    <subfield code="7">0</subfield>
    <subfield code="a">HSC</subfield>
    <subfield code="b">HSC</subfield>
    <subfield code="d">2021-11-10</subfield>
    <subfield code="l">47</subfield>
    <subfield code="m">5</subfield>
    <subfield code="o">615.1 LIP-</subfield>
    <subfield code="p">139397</subfield>
    <subfield code="q">2026-06-15</subfield>
    <subfield code="r">2026-06-01 14:50:57</subfield>
    <subfield code="s">2026-06-01</subfield>
    <subfield code="t">C.4</subfield>
    <subfield code="w">2021-11-10</subfield>
    <subfield code="y">BK</subfield>
  </datafield>
  <datafield tag="952" ind1=" " ind2=" ">
    <subfield code="0">0</subfield>
    <subfield code="1">0</subfield>
    <subfield code="4">0</subfield>
    <subfield code="7">0</subfield>
    <subfield code="a">HSC</subfield>
    <subfield code="b">HSC</subfield>
    <subfield code="d">2021-11-10</subfield>
    <subfield code="l">50</subfield>
    <subfield code="m">5</subfield>
    <subfield code="o">615.1 LIP-</subfield>
    <subfield code="p">139398</subfield>
    <subfield code="q">2026-06-08</subfield>
    <subfield code="r">2026-05-25 14:08:47</subfield>
    <subfield code="s">2026-05-25</subfield>
    <subfield code="t">C.5</subfield>
    <subfield code="w">2021-11-10</subfield>
    <subfield code="y">BK</subfield>
  </datafield>
  <datafield tag="952" ind1=" " ind2=" ">
    <subfield code="0">0</subfield>
    <subfield code="1">0</subfield>
    <subfield code="4">0</subfield>
    <subfield code="7">0</subfield>
    <subfield code="a">HSC</subfield>
    <subfield code="b">HSC</subfield>
    <subfield code="d">2021-11-10</subfield>
    <subfield code="l">52</subfield>
    <subfield code="m">7</subfield>
    <subfield code="o">615.1 LIP-</subfield>
    <subfield code="p">139399</subfield>
    <subfield code="q">2026-06-15</subfield>
    <subfield code="r">2026-03-30 08:37:53</subfield>
    <subfield code="s">2026-03-30</subfield>
    <subfield code="t">C.6</subfield>
    <subfield code="w">2021-11-10</subfield>
    <subfield code="y">BK</subfield>
  </datafield>
  <datafield tag="952" ind1=" " ind2=" ">
    <subfield code="0">0</subfield>
    <subfield code="1">0</subfield>
    <subfield code="4">0</subfield>
    <subfield code="7">0</subfield>
    <subfield code="a">HSC</subfield>
    <subfield code="b">HSC</subfield>
    <subfield code="d">2021-11-10</subfield>
    <subfield code="l">48</subfield>
    <subfield code="m">5</subfield>
    <subfield code="o">615.1 LIP-</subfield>
    <subfield code="p">139400</subfield>
    <subfield code="q">2026-06-08</subfield>
    <subfield code="r">2026-05-25 10:31:08</subfield>
    <subfield code="s">2026-05-25</subfield>
    <subfield code="t">C.7</subfield>
    <subfield code="w">2021-11-10</subfield>
    <subfield code="y">BK</subfield>
  </datafield>
  <datafield tag="952" ind1=" " ind2=" ">
    <subfield code="0">0</subfield>
    <subfield code="1">0</subfield>
    <subfield code="4">0</subfield>
    <subfield code="7">0</subfield>
    <subfield code="a">HSC</subfield>
    <subfield code="b">HSC</subfield>
    <subfield code="d">2021-11-10</subfield>
    <subfield code="l">43</subfield>
    <subfield code="m">6</subfield>
    <subfield code="o">615.1 LIP-</subfield>
    <subfield code="p">139401</subfield>
    <subfield code="q">2026-06-16</subfield>
    <subfield code="r">2026-06-02 09:25:00</subfield>
    <subfield code="s">2026-06-02</subfield>
    <subfield code="t">C.8</subfield>
    <subfield code="w">2021-11-10</subfield>
    <subfield code="y">BK</subfield>
  </datafield>
  <datafield tag="952" ind1=" " ind2=" ">
    <subfield code="0">0</subfield>
    <subfield code="1">0</subfield>
    <subfield code="4">0</subfield>
    <subfield code="7">0</subfield>
    <subfield code="a">HSC</subfield>
    <subfield code="b">HSC</subfield>
    <subfield code="d">2021-11-10</subfield>
    <subfield code="l">55</subfield>
    <subfield code="m">6</subfield>
    <subfield code="o">615.1 LIP-</subfield>
    <subfield code="p">139402</subfield>
    <subfield code="q">2026-06-15</subfield>
    <subfield code="r">2026-05-12 13:03:31</subfield>
    <subfield code="s">2026-05-12</subfield>
    <subfield code="t">C.9</subfield>
    <subfield code="w">2021-11-10</subfield>
    <subfield code="y">BK</subfield>
  </datafield>
  <datafield tag="952" ind1=" " ind2=" ">
    <subfield code="0">0</subfield>
    <subfield code="1">0</subfield>
    <subfield code="4">0</subfield>
    <subfield code="7">0</subfield>
    <subfield code="a">HSC</subfield>
    <subfield code="b">HSC</subfield>
    <subfield code="d">2021-11-13</subfield>
    <subfield code="l">43</subfield>
    <subfield code="m">2</subfield>
    <subfield code="o">615.1 LIP-</subfield>
    <subfield code="p">139394</subfield>
    <subfield code="r">2026-02-02 14:25:57</subfield>
    <subfield code="s">2025-11-18</subfield>
    <subfield code="t">C.10</subfield>
    <subfield code="w">2021-11-13</subfield>
    <subfield code="y">BK</subfield>
  </datafield>
  <datafield tag="952" ind1=" " ind2=" ">
    <subfield code="0">0</subfield>
    <subfield code="1">0</subfield>
    <subfield code="4">0</subfield>
    <subfield code="7">0</subfield>
    <subfield code="a">HSC</subfield>
    <subfield code="b">HSC</subfield>
    <subfield code="d">2021-11-13</subfield>
    <subfield code="l">40</subfield>
    <subfield code="m">8</subfield>
    <subfield code="o">615.1 LIP-</subfield>
    <subfield code="p">139294</subfield>
    <subfield code="q">2026-06-16</subfield>
    <subfield code="r">2026-05-19 09:06:03</subfield>
    <subfield code="s">2026-05-19</subfield>
    <subfield code="t">C.11</subfield>
    <subfield code="w">2021-11-13</subfield>
    <subfield code="y">BK</subfield>
  </datafield>
</record>
